[Event "URS-ch48 Final"]
[Site "Vilnius"]
[Date "1981.01.??"]
[Round "12"]
[White "Psakhis, Lev"]
[Black "Jussupow, Artur"]
[Result "1-0"]
[WhiteElo "2500"]
[BlackElo "2575"]
[Annotator "Psakhis,L"]
[PlyCount "127"]
[EventDate "1980.12.25"]
[EventType "tourn"]
[EventRounds "17"]
[EventCountry "LTU"]
[EventCategory "12"]
[SourceTitle "URS-ch"]
[Source "ChessBase"]
[SourceDate "1999.07.01"]
[SourceVersion "1"]
[SourceVersionDate "1999.07.01"]
[SourceQuality "1"]

{[%mdl 3] To be honest I was very tired at this point. In the last rounds I
had been having some troubles - 1 point from 5 (great result!) - was on -1 and
just dreaming about make short draw and going to sleep. But for sure it's a
shame, to make draw (with White!) without playing so I decided to make 12-15
moves and to see what the result of the opening would be.} 1. e4 e5 2. Nf3 Nf6
{What to do against Petrov was something I didn't know in 1975, at the time of
this game against Yusupov and which I don't know now. It is a very boring
opening! I lost a few games trying to win at any price.} 3. Nc3 {This was end
of my home preparation - chess in 1981 were very different from chess in 2011!}
Bb4 {I never analysed this move, but was happy that at least I would get the 2
bishops} 4. Nxe5 O-O 5. Be2 Re8 6. Nd3 Bxc3 7. dxc3 Nxe4 8. Nf4 {The idea of
that move is very simple - I wanted to stop ...d7-d5.} c6 (8... d6 9. O-O Nd7
10. c4 Nf8 11. f3 Nc5 12. b3 Nfe6 13. Nh5 g6 14. Ng3 Qf6 15. Rb1 Qd4+ 16. Kh1
Qxd1 17. Bxd1 a5 18. Kg1 b6 19. Re1 Bb7 {1-0 Conquest,S-Piket,J/EUR-ch Ohrid
2001/The Week in Chess 345 (41)}) 9. c4 d6 10. O-O Bf5 ({After} 10... Nd7 $5
11. Be3 Qf6 12. c3 a5 13. Nh5 Qg6 14. Bd4 Ndf6 15. Re1 Bg4 16. Nxf6+ Nxf6 17.
f3 Bf5 18. Bf1 Nd7 19. Kh1 h5 {Black won in one game, but I doubt that this
was the normal result of the opening}) 11. a4 $1 {[%mdl 4] A very strong and a
nice move. White's rook will now get a chance to join game very quickly. I
made this move without spending too much time and decided that maybe I will
not get a chance to sleep that day - I was starting to like my position.} (11.
Be3 Nd7 12. Re1 Ndc5 13. Bf1 a5 14. f3 Ng5 15. Qd2 Qf6 16. Nh5 Qg6 17. Bxg5
Qxh5 18. g4 Bxg4 19. fxg4 Qxg4+ {1-0 Kindermann,S-Pavasovic,D/Lippstadt 1998/
ChessBase (39)}) 11... a5 12. Ra3 $1 Nd7 13. Re3 Ndc5 14. g4 $1 {Getting more
and more space - bishops need it!} Be6 15. f3 Nf6 16. b3 {I managed to get an
advantage. White has two bishops, active pieces and big difference in time -
up to now I had spent 35 minutes and Yusupov 2 hours 5 minutes. So maybe
White's strategy was not so bad!} h6 17. Qd4 Qc7 18. Rd1 $146 ({A move worth
considering was} 18. Bb2 $5 Rad8 ({and at least after} 18... d5 {White can play
} 19. cxd5 Bxd5 20. Nxd5 cxd5 21. Bb5 $36) 19. Rf2 Bc8 20. Rg2 Ne6 21. Nxe6
fxe6 22. f4 c5 23. Qd3 e5 24. g5 hxg5 25. Rxg5 exf4 26. Bxf6 Rxe3 27. Qg6 Qf7 {
1-0 Oim,T-Pililian,V/corr 1983/ChessBase (32)}) ({Alos interesting idea} 18. h4
$5) 18... Rad8 19. Bb2 ({It will be interesting to check} 19. Ba3 b6 20. Bb2 {
[%csl Rb6] and in many lines the b6-pawn can be weak}) 19... d5 $5 {The main
problem is that I just missed this move. Nobody is perfect!} 20. cxd5 ({
White could reach a small, but stable advantage after} 20. Nh5 $142 Ncd7 21.
Nxf6+ (21. c5 Nxh5 22. gxh5 Nf6) 21... Nxf6 22. c5 $36) 20... Bxd5 21. Nxd5 ({
Now} 21. Nh5 $143 Nxh5 22. Qxc5 Nf4 {doesn't look great, but is not bad}) (21.
Qxc5 $5 Qxf4 22. Rdd3 h5 $5 23. Bc1 $36 {with better chances}) 21... Rxd5 22.
Rxe8+ Nxe8 23. Qe3 Ne6 $6 ({I think that Black had to play} 23... Rxd1+ $5 24.
Bxd1 Ne6 25. Be2 $14 {and White's advantage is not big}) 24. Rxd5 ({Strange
that I didn't play now} 24. Re1 $142 {[%cal Ge2c4] for example in the endgame
after} Qf4 25. Qxf4 Nxf4 26. Bc4 Rd8 27. Kf2 Nd6 28. Bf1 $36 {a long and
difficult defence is waiting for Black.}) 24... cxd5 {[%mdl 4096] bishops pair}
25. Bd3 Qd6 26. Qe5 Qd8 27. Bf5 (27. Kf1 N8c7 (27... Nf6 28. Bf5) 28. Bf5)
27... Qb6+ 28. Kf1 N8c7 29. Bd3 ({I was afraid to take on e6 -} 29. Bxe6 Nxe6 (
29... Qa6+ 30. Kf2 Nxe6 31. Qxd5 Qb6+ 32. Kf1 $8 Qa6+ {transposition}) 30. Qxd5
Qa6+ (30... Qc7 31. Qd2) 31. Qb5 Qd6 32. Qe2 Qd5 $14 {[%cal Gf7f5] and Black
has some compensation for the pawn}) 29... Qc5 30. h4 $1 $14 {A useful move -
White is getting more space on the kingside. By the way, it is not clear what
White will do next : play h5 or g5} Kf8 31. Bc3 (31. g5 hxg5 32. hxg5) (31. Bc1
$5 {[%cal Gc1e3]}) 31... f6 32. Qe1 b6 33. b4 $5 {A double-edged move. From
one point of view, White opens diagonals for his bishops, from another now not
so many pawns will be on the board.} Qc6 34. bxa5 bxa5 (34... d4 $2 35. Bb4+
Kf7 36. Qe4 $18) 35. Bxa5 Qxa4 36. Bb4+ ({I could play immediately} 36. h5 $5 {
[%csl Gg6] but White will always have time for this move.}) (36. Qb4+ Qxb4 37.
Bxb4+ Ke8) 36... Kg8 37. Qc3 Qd7 38. Kf2 Kf7 39. h5 (39. Qa1 Nf4) (39. Qd2 $5)
39... Nb5 $6 $138 ({A stronger option was to play} 39... Nf4 $5 40. Bf5 Nce6
$14 {and Black's pieces are very well connected.}) 40. Bg6+ Kg8 41. Qa1 {
Move 41! Clearly the following idea was better:} (41. Qe3 $142 $1 Nd6 $140 42.
Qa3 Nf7 43. Qa8+ Nfd8 44. Bf5 Kf7 45. c3 $16 {and it's difficult to find any
good idea for Black.}) 41... Qb7 {The game was adjourned here. I didn't know
how to evaluate this position. Surely White has chances for a win, but I
couldn't find any straightforward plan. So my main idea was to improve the
positions of my pieces, create troubles for Black and exploit his mistakes.
Fortunately I fulfilled this plan 100%} 42. Qa5 (42. Qe1 $5) 42... Nbc7 (42...
Qb8 $142 $5 43. Kf1 Nf4 $14) 43. Bd6 Qc6 44. Ba3 ({Maybe} 44. Bg3 $5 {[%csl
Gg3] was even better - I want to keep the bishop closer to the king!}) 44...
Nb5 (44... Nf4 45. Bf5) 45. Bb4 Nec7 46. Be7 ({I wanted to avoid moves with
the c-pawn, but possibly it was the right time for it. After} 46. c3 $5 Nd6 (
46... d4 $140 $2 47. Be4 Qc4 48. Qb6) 47. Qa7 Nc8 48. Qe3 Ne6 49. Bf5 Kf7 50.
f4 $36 {White slowly but surely improves his position, and Black must just
wait.}) 46... Ne6 47. Bd3 Kf7 (47... Nd6 $5) 48. Bb4 Nec7 49. Bg6+ $6 (49. c3
$5) ({Missing good chances - after the natural} 49. Qa4 $1 Kg8 50. Ba5 $1 (50.
Be1) 50... Qc5+ 51. Kg2 Nd6 52. Bxc7 Qxc7 53. Qa8+ $16 {[%csl Gc2] I could win
a pawn with good chances for a win.}) 49... Kg8 50. Be7 Qe6 (50... Ne6 51. Qb4)
51. Bc5 (51. Qb4 $5 Qe5 52. f4) 51... Qc6 $6 ({I suppose that Artur had to play
} 51... d4 $5 52. Qe1 Qe5 $1 $14 (52... Qd5 $2 53. Qe7) ({maybe} 52... Qxe1+ $5
53. Kxe1 Ne6 {is also possible, but its still not a draw - White can improve
his position.} 54. Bb4 Nf4 55. Be4 Kf7 56. Kd2 Nc7 57. Bc5 Nce6 58. Bd6 Ke8 59.
Bf5 Kd8 60. Bxe6 Nxe6 61. Kd3 Kd7 62. Ba3 {[%cal Ga3c1,Gf3f4]}) 53. Qxe5 fxe5
54. Ke1 Ne6 55. Bb4 Nf4 56. Kd2 Nd5 $8 57. Bc5 Nf4 $14 {with good chances for
defence}) {I decided that now was exactly the perfect time for the exchange of
queens:} 52. Qb6 $1 Qxb6 (52... Qa8 53. Bd3 Qe8 54. Bb4 Kh8 55. Qb7 Kg8 56. Ba5
) 53. Bxb6 Ne6 54. Be8 Nbc7 (54... Ned4 $5) (54... Nc3 $5) 55. Bc6 Kf7 56. Ba5
(56. f4 Ke7 57. f5 Kd6 58. Bb7 Nc5 59. Bxc7+ Kxc7 60. Bxd5 Kd6 {White has won
a pawn, but how can he win the game now?}) 56... Nd4 (56... g6 {doesn't solve
the problems, after} 57. Ke3 (57. hxg6+ Kxg6 58. f4 f5 59. Bd7 Kf6 60. Bxc7
Nxc7 61. Bxf5 h5) 57... gxh5 58. gxh5 f5 $16 {Black still has many problems} (
58... d4+ 59. Ke4)) (56... Ke7 57. Bb4+ Kf7 58. c3 {[%cal Gf2c2,Gc2a4]}) 57.
Ba4 Ndb5 58. Ke3 Ke6 59. f4 $1 Kd6 $6 {This move is losing for sure. Good or
bad, Artur has to play} (59... f5 $8 60. g5 Kf7 61. g6+ (61. Bb3 g6 62. hxg6+
Kxg6 63. gxh6 Kxh6 64. Bxc7 Nxc7 65. Kd4) 61... Ke6 62. Bb4 Nd6 63. Bc3 Nce8
$140 64. Bxe8 Nxe8 65. Be5 $18 {but the endgame is winning for White in any
case}) 60. Bb4+ Ke6 (60... Kc6 61. f5 Ne8 62. Kd3 {[%cal Gc2c4,Gb4f8]} Kb6 63.
Bf8 Ka5 64. Bb3 Nbc7 65. Kd4 $18) 61. f5+ Ke5 ({After} 61... Kf7 62. Kd3 {
Black will have problems with all his pieces} Na7 (62... Kg8 63. c4 dxc4+ 64.
Kxc4 Na7 65. Bc5 Nc8 66. Bd7 $18) 63. Kd4) 62. Bf8 Nc3 (62... d4+ 63. Kf3) 63.
Bc6 Na6 64. Bb7 $1 {Nice endgame!} 1-0

[Event "URS-chT Cup 11th"]
[Site "Rostov on Don"]
[Date "1980.05.??"]
[Round "1"]
[White "Gufeld, Eduard"]
[Black "Kochyev, Alexander"]
[Result "0-1"]
[WhiteElo "2515"]
[BlackElo "2530"]
[Annotator "RR"]
[PlyCount "56"]
[EventDate "1980.05.23"]
[EventType "team-tourn"]
[EventRounds "7"]
[EventCountry "URS"]
[SourceTitle "EXT 2020"]
[Source "ChessBase"]
[SourceDate "2019.10.17"]
[SourceVersion "1"]
[SourceVersionDate "2019.10.17"]
[SourceQuality "1"]
[WhiteTeam "Dinamo"]
[BlackTeam "Burevestnik"]
[WhiteTeamCountry "URS"]
[BlackTeamCountry "URS"]

1. e4 e5 2. Nf3 Nf6 3. Nxe5 d6 4. Nf3 Nxe4 5. d4 d5 6. Bd3 Bd6 7. O-O O-O 8. c4
c6 9. Qc2 f5 10. Nc3 (10. Qb3 {Sveshnikov,E (2565)-Kochyev,A (2555) URS-ch
FL46 Ashkhabad 1978 (6) 1-0}) 10... Na6 {[%cal Ga6b4,Gb4d3,Gb4c2]} 11. a3 Nc7
12. Re1 $146 (12. b4 {Gaprindashvili,N-Sternina,V URS-ch (Women) 1973 1-0})
12... Kh8 13. b4 $1 $14 {[%cal Gb4b5,Gc4c5]} Bd7 14. Bb2 (14. c5) 14... Be8 15.
c5 Be7 16. Ne5 Bh4 {[%csl Rf2]} (16... Ne6 $5 {[%cal Ge6d4]} 17. Nd1) 17. Rf1 (
17. g3 Bf6 (17... Bg5 $2 18. f3 Nxc3 19. Bxc3 {[%csl Rf5]} g6 {[%csl Gc3][%cal
Gc3h8]})) 17... Bg5 18. Ne2 Bh5 (18... Ne6) 19. Ng3 Bg6 20. Rfe1 Bf4 21. Bc1
Bxe5 22. dxe5 Qh4 $1 {[%cal Gf5f4,Gf4f3]} 23. Bb2 Ne6 (23... f4 24. Nxe4 dxe4
25. Bxe4 f3 $1 $40) 24. Rad1 f4 25. Nxe4 dxe4 26. Bc4 (26. Bxe4 $2 f3 $1) 26...
e3 $40 27. Rd3 f3 28. Rexe3 Qg4 0-1

[Event "EU-Cup 05th final"]
[Site "Moscow"]
[Date "1986.12.10"]
[Round "5.1"]
[White "Tseshkovsky, Vitaly"]
[Black "Vladimirov, Yevgeniy"]
[Result "0-1"]
[WhiteElo "2490"]
[BlackElo "2490"]
[Annotator "RR"]
[PlyCount "60"]
[EventDate "1986.12.10"]
[EventType "team-match"]
[EventRounds "2"]
[EventCountry "URS"]
[SourceTitle "EXT 2020"]
[Source "ChessBase"]
[SourceDate "2019.10.17"]
[SourceVersion "1"]
[SourceVersionDate "2019.10.17"]
[SourceQuality "1"]
[WhiteTeam "Trud"]
[BlackTeam "Moscow CSKA"]
[WhiteTeamCountry "URS"]
[BlackTeamCountry "RUS"]

1. e4 e5 2. Nf3 Nf6 3. Nxe5 d6 4. Nc4 Nxe4 5. d3 Nf6 6. d4 d5 7. Ne3 $6 (7. Ne5
$142) 7... c5 $1 8. Bb5+ Nc6 9. O-O Be6 10. b3 Be7 11. Ba3 cxd4 12. Bxc6+ bxc6
13. Bxe7 Qxe7 14. Qxd4 O-O $132 15. Nd2 a5 $1 16. Rfe1 Qa7 (16... a4 $5) 17.
Qh4 h6 18. c3 Rfd8 19. Nf3 c5 20. Red1 a4 $36 21. b4 d4 $1 22. cxd4 cxb4 23. d5
Nxd5 24. Nxd5 Bxd5 25. Qxb4 Bxa2 $3 {[%csl Ga4,Rd1]} (25... Bxf3 26. gxf3 Rab8
27. Rxd8+ Rxd8) 26. Rxd8+ Rxd8 27. Rxa2 Rd1+ 28. Ne1 Qb7 $1 29. Qa5 Qd5 30. Qc3
Qxa2 {[%mdl 512]} 0-1

[Event "Rohde op 06th"]
[Site "Sautron"]
[Date "2006.11.01"]
[Round "6"]
[White "Berthelot, Yannick"]
[Black "Bergez, Luc"]
[Result "1/2-1/2"]
[WhiteElo "2309"]
[BlackElo "2395"]
[Annotator "RR"]
[PlyCount "45"]
[EventDate "2006.10.28"]
[EventType "swiss"]
[EventRounds "9"]
[EventCountry "FRA"]
[SourceTitle "EXT 2007"]
[Source "ChessBase"]
[SourceDate "2006.11.23"]
[SourceVersion "1"]
[SourceVersionDate "2006.11.23"]
[SourceQuality "1"]

1. e4 e5 {Le coup qui pose le plus de problème а Yannick qui espérait jouer
uhe sicilienne.} (1... d5 {Berthelot,Y (2298)-Bergez,L (2395) Rohde op 4th
2004 (9) 1-0}) (1... c5 2. Nf3 d6 3. d4 cxd4 4. Nxd4 Nf6 5. Nc3 g6 {Berthelot,
Y (2285)-Bergez,L (2380) Cannes op 1998 (9) 1-0}) 2. Nf3 Nf6 $1 {Un bon choix
pour calmer un tacticien} 3. Nxe5 d6 4. Nf3 Nxe4 5. Nc3 (5. d4) (5. Qe2) 5...
Nxc3 6. dxc3 Be7 7. Be3 (7. Bf4) 7... Nc6 8. Qd2 O-O 9. O-O-O Ne5 10. Kb1 (10.
Nd4) 10... Nxf3 ({RR} 10... a6 11. Be2 Be6 12. Nd4 Nc4 13. Qd3 Nxe3 14. Nxe6
fxe6 15. Qxe3 e5 16. Bd3 c6 17. h4 Rf6 18. g3 d5 19. Qxe5 Rxf2 20. Rhf1 Rf6 21.
Qh5 g6 22. Qe2 Qd6 23. h5 Raf8 24. hxg6 hxg6 25. Rh1 {Anand,V (2786)-Kramnik,V
(2754)/Monte Carlo 2005/CBM 105 ext/1-0 (52)}) ({RR} 10... Re8 11. Nd4 a6 12.
f4 Ng4 13. Bd3 d5 14. Rhe1 Bh4 15. g3 Nxe3 16. Rxe3 Rxe3 17. Qxe3 Bf6 18. Nf3
Qe7 19. Qxe7 {1/2-1/2 Svidler,P (2738)-Anand,V (2788)/San Luis 2005/CBM 110 no
vc}) 11. gxf3 {[%csl Rg7][%cal Gh1g1]} Bf5 $146 (11... Be6) 12. Bd3 Bxd3 13.
Qxd3 Bg5 14. f4 Bf6 15. Rhg1 Re8 16. Rg4 {[%cal Gd1g1]} Qe7 17. f5 h5 18. Rg3
Qe4 $1 19. Rdg1 {[%cal Ge3h6]} Kf8 20. a3 Qxd3 21. cxd3 Re5 22. Rf3 Rae8 23.
Kc2 1/2-1/2

[Event "POL-chT 66th"]
[Site "Katowice"]
[Date "2010.09.04"]
[Round "1"]
[White "Balogh, Csaba"]
[Black "Dobrowolski, Piotr"]
[Result "1/2-1/2"]
[WhiteElo "2608"]
[BlackElo "2399"]
[Annotator "RR"]
[PlyCount "80"]
[EventDate "2010.09.04"]
[EventType "team-tourn"]
[EventRounds "9"]
[EventCountry "POL"]
[SourceTitle "EXT 2016"]
[Source "ChessBase"]
[SourceDate "2015.10.08"]
[SourceVersion "1"]
[SourceVersionDate "2015.10.08"]
[SourceQuality "1"]
[WhiteTeam "Wroclaw Polonia"]
[BlackTeam "Wroclaw AZS WSB"]
[WhiteTeamCountry "POL"]
[BlackTeamCountry "POL"]

1. e4 e5 2. Nf3 Nf6 3. Nxe5 d6 4. Nf3 Nxe4 5. Nc3 Nxc3 6. dxc3 Be7 7. Be3 Nc6
8. Qd2 Be6 9. O-O-O Qd7 10. h4 (10. Kb1 {La grande ligne} Bf6 11. h3 (11. Nd4
Nxd4 12. Bxd4 Bxd4 13. Qxd4 O-O 14. h4 Rfe8 15. f3 Qc6) (11. Bg5) 11... h6 12.
b3 a6 13. g4 O-O-O 14. Bg2 g5 (14... Kb8 15. Ng1 {Caruana} (15. Rhe1 Rhe8 $13 {
Tadic inf 123}) (15. Ne1 Ne7 16. Nd3 Nd5 17. Bd4 Bxd4 18. cxd4)) 15. Nd4 {
Caruana,F (2789)-Ponomariov,R (2723) Dortmund SuperGM 42nd 2014 (2) 1-0}) 10...
h6 11. Kb1 a6 12. Nd4 Nxd4 13. cxd4 (13. Bxd4 O-O 14. Be2 Rfe8 15. Bf3 Bf8 16.
Qf4 d5 17. c4 Bd6 18. Be5 dxc4 19. Bxd6 cxd6 20. Qxd6 Qb5 21. Rhe1 Bf5 22. g4
Rxe1 23. Rxe1 Be6 24. Qe5 Qxe5 25. Rxe5 Rd8 {1/2-1/2 (25) Zhigalko,S (2678)
-Mamedyarov,S (2743) Kocaeli 2014}) 13... d5 14. Bd3 O-O-O 15. Bf4 Bd6 16. Rde1
(16. h5 $5 {[%csl Rg7]}) 16... Rhe8 17. f3 Bxf4 18. Qxf4 Qd6 19. Qxd6 {Le GMI
va tenter sa chance dans une finale en estimant que le P"d5" gêne une peu le
Be6} Rxd6 $11 20. Kc1 Kd8 21. Kd2 Bd7 22. b3 Rxe1 23. Kxe1 (23. Rxe1 {Plus
naturel mais les Blancs préfèrent garder les R} Re6 $11) 23... Rf6 24. Kf2
Bf5 25. Bxf5 Rxf5 26. c3 (26. h5 $5 {[%csl Rg7]}) 26... Rf6 27. Re1 Rc6 28. Re3
Kd7 29. f4 Rf6 30. g3 Re6 31. f5 Rxe3 32. Kxe3 f6 33. Kf4 h5 34. g4 b5 $1 35.
gxh5 Ke7 36. a4 bxa4 37. bxa4 a5 38. Kg4 Kf7 {Une partie plate jusqu'au bout}
39. h6 gxh6 40. Kh5 Kg7 1/2-1/2

[Event "Rohde op 06th"]
[Site "Sautron"]
[Date "2006.10.29"]
[Round "2"]
[White "Koziak, Vitali"]
[Black "Bedouin, Xavier"]
[Result "1/2-1/2"]
[WhiteElo "2453"]
[BlackElo "2342"]
[Annotator "RR"]
[PlyCount "39"]
[EventDate "2006.10.28"]
[EventType "swiss"]
[EventRounds "9"]
[EventCountry "FRA"]
[SourceTitle "EXT 2007"]
[Source "ChessBase"]
[SourceDate "2006.11.23"]
[SourceVersion "1"]
[SourceVersionDate "2006.11.23"]
[SourceQuality "1"]

1. e4 e5 2. Nf3 Nf6 3. Nxe5 d6 4. Nf3 (4. Nxf7 Kxf7 5. d4 c5 $1 {Le gambit
COCHRANE donne des résultats trés corrects pour les blancs mais 5. c5 est la
ligne critique} (5... Qe8 $143 6. Nc3 $36) 6. dxc5 (6. Bc4+) 6... Nc6 7. Bc4+
Be6 8. Bxe6+ Kxe6 9. O-O d5 10. e5 Ne4 11. Qg4+ Kf7 12. Qf5+ Ke8 13. Nc3 (13.
Be3 Bxc5) 13... Nd4 14. Qh3 $13 {Vitolinsh,A (2415)-Dautov,R (2515) Sokolsky
mem 1988 0-1}) 4... Nxe4 5. c4 (5. d4 {la ligne principale de la défense
PETROFF}) 5... Nc6 6. Nc3 $5 (6. d3 Nf6 7. d4 d5) 6... Nxc3 7. dxc3 {[%csl Gd5]
au détriment de la structure de P, le MI a un bon contrôle de la case "d5"} (7.
bxc3 Be7 8. d4 Bf5 9. Be2 O-O 10. O-O Bf6) 7... Be7 8. Be3 ({RR} 8. Be2 O-O 9.
O-O Re8 10. h3 Bf6 11. Be3 b6 12. Nd4 Nxd4 13. cxd4 Bb7 14. Qd2 h6 15. Rfe1 Bg5
16. Bg4 Kf8 17. d5 Bxe3 18. Rxe3 Rxe3 19. Qxe3 Qe7 20. Qxe7+ Kxe7 21. a4 g6 22.
f4 h5 {Peng Xiaomin (2550)-Ivanchuk,V (2730)/Elista 1998/CBM 066 ext/1/2-1/2 
(46)}) (8. Bd3 Bg4) 8... Bf5 9. Be2 Qd7 $146 {Peut-être pas la meilleure case
pour la Q} ({RR} 9... O-O 10. O-O Re8 11. a4 Bf6 12. a5 a6 13. Nd4 Nxd4 14.
cxd4 c5 15. Bf3 Be4 16. Bxe4 Rxe4 17. Qc2 Qe7 18. dxc5 dxc5 19. Bxc5 Qe6 20.
Qb3 Qc6 21. Be3 Rxc4 22. Rac1 Rxc1 23. Rxc1 Qd7 24. Rd1 {Sveshnikov,E (2530)
-Plaskett,J (2470)/Hastings 1984/MCD/1/2-1/2 (39)}) 10. O-O O-O 11. Nd4 Nxd4
12. Bxd4 (12. cxd4 d5 $1) 12... Rfe8 13. Bf3 c6 14. Be3 Bf6 15. h3 (15. Qd2 {
[%csl Rd6][%cal Ga1d1]} Be5 16. Rad1) 15... Be5 16. Bg4 Bxg4 17. Qxg4 f5 (17...
Qxg4 18. hxg4 $11 {[%csl Gf5]}) 18. Qf3 Qf7 19. Rfd1 f4 20. Bd4 1/2-1/2

[Event "Plancoet op-A 10th"]
[Site "Plancoet"]
[Date "2013.07.29"]
[Round "2"]
[White "Milchev, Nikolay"]
[Black "Kukov, Velislav"]
[Result "1/2-1/2"]
[WhiteElo "2433"]
[BlackElo "2370"]
[Annotator "RR"]
[PlyCount "44"]
[EventDate "2013.07.28"]
[EventType "swiss"]
[EventRounds "9"]
[EventCountry "FRA"]
[SourceTitle "EXT 2017"]
[Source "ChessBase"]
[SourceDate "2016.10.25"]
[SourceVersion "1"]
[SourceVersionDate "2016.10.25"]
[SourceQuality "1"]
[TimeControl "40/5400+30:1800+30"]

1. e4 e5 2. Nf3 Nf6 3. Nxe5 d6 4. Nf3 Nxe4 5. Qe2 Qe7 6. d3 Nf6 7. Bg5 Qxe2+ 8.
Bxe2 Be7 9. Nc3 O-O 10. O-O c6 11. Rfe1 Nbd7 (11... h6 12. Bf4 Re8 {1/2-1/2 
(12) Gurevich,I (2585)-Dzindzichashvili,R (2540) New York 1994}) 12. d4 Re8 13.
h3 Nf8 14. Bd3 {(=)} Be6 {Les Noirs refusent mais ils ne vont pas insister
longtemps} 15. Ne4 Nxe4 16. Bxe4 Bxg5 17. Nxg5 Bd5 18. Bxd5 cxd5 19. Kf1 h6 20.
Rxe8 Rxe8 21. Nf3 Nd7 22. Re1 Rxe1+ 1/2-1/2

[Event "Dortmund SuperGM 37th"]
[Site "Dortmund"]
[Date "2009.07.05"]
[Round "4"]
[White "Naiditsch, Arkadij"]
[Black "Kramnik, Vladimir"]
[Result "0-1"]
[WhiteElo "2697"]
[BlackElo "2759"]
[Annotator "RR"]
[PlyCount "54"]
[EventDate "2009.07.02"]
[EventType "tourn"]
[EventRounds "10"]
[EventCountry "GER"]
[EventCategory "20"]
[SourceTitle "CBM 131"]
[Source "ChessBase"]
[SourceDate "2009.07.15"]
[SourceVersion "1"]
[SourceVersionDate "2009.07.15"]
[SourceQuality "1"]

1. e4 e5 2. Nf3 Nf6 3. Nxe5 d6 4. Nf3 Nxe4 5. d4 d5 6. Bd3 Bd6 7. O-O O-O 8. c4
c6 9. Re1 Bf5 10. c5 $6 {Perhaps the question mark is unjustified, because
alternative moves do not bring an advantage by force either. Vielleicht ist
das Fragezeichen unberechtigt, weil die alternativen Züge auch keinen Vorteil
erzwingen.} (10. Nc3 Nxc3 11. bxc3 Bxd3 12. Qxd3 dxc4 13. Qxc4 Nd7 $11) (10.
Qb3 Na6 $13) 10... Bc7 11. Nc3 Nd7 $1 {Now Black does not have to take on c3. 
Jetzt muss Schwarz nicht auf c3 schlagen.} 12. Qc2 (12. Nxe4 dxe4 13. Bxe4 Bxe4
14. Rxe4 Nxc5 $11) 12... Re8 13. Be3 (13. Bg5 $5) 13... h6 14. b4 $2 (14. Nd2)
14... Ndf6 $1 15. h3 {This looks like a mistake, but ...Ng4 should not be
allowed. Das sieht wie ein Fehler aus, aber ...Ng4 möchte man auch nicht
zulassen.} Qd7 $1 {There is probably no defence against the invasion on g3. 
Gegen den Einschlag auf h3 gibt es wohl keine Verteidigung.} 16. Ne2 Bxh3 $1
17. Ne5 (17. gxh3 Qxh3 18. Ng3 Nxg3 19. fxg3 Bxg3 20. Qg2 Qxg2+ 21. Kxg2 Bxe1
22. Rxe1 Ng4 23. Bd2 Rxe1 24. Bxe1 Re8 $19) 17... Bxe5 18. dxe5 Rxe5 19. f3
Rae8 20. Bf4 Rh5 21. fxe4 dxe4 22. Bc4 Bxg2 $1 23. Ng3 Bf3 24. Qb3 Rh4 25. Bd6
Qh3 26. Bxf7+ Kh7 27. Qb2 Ng4 0-1